Structural engineering Part-1(B): designs in steel / (Record no. 9050)
[ view plain ]
| 000 -LEADER | |
|---|---|
| fixed length control field | 00355cam a2200133ua 4500 |
| 003 - CONTROL NUMBER IDENTIFIER | |
| control field | OSt |
| 008 - FIXED-LENGTH DATA ELEMENTS--GENERAL INFORMATION | |
| fixed length control field | 250527b |||||||| |||| 00| 0 eng d |
| 082 ## - DEWEY DECIMAL CLASSIFICATION NUMBER | |
| Classification number | 624.171 |
| Item number | RAO/ST |
| 100 ## - MAIN ENTRY--AUTHOR NAME | |
| Personal name | Rao, J K . |
| 245 ## - TITLE STATEMENT | |
| Title | Structural engineering Part-1(B): designs in steel / |
| 260 ## - PUBLICATION, DISTRIBUTION, ETC. (IMPRINT) | |
| Place of publication | Bangalore : |
| Name of publisher | Dixit & Co. , |
| Year of publication | 1967. |
| 300 ## - PHYSICAL DESCRIPTION | |
| Number of Pages | 213 ; . |
| 942 ## - ADDED ENTRY ELEMENTS (KOHA) | |
| Koha item type | Books |
| Withdrawn status | Lost status | Damaged status | Home library | Current library | Date acquired | Full call number | Accession Number | Koha item type |
|---|---|---|---|---|---|---|---|---|
| KAUAET | KAUAET | 07/04/2012 | 624.171 RAO/ST | 13254 | Books |
